000 00368nam a2200145Ia 4500
008 150201s1993 xx 000 0 und d
082 _a615.82
_bC93D
100 _aDOWNIE , PATRICIA A .
245 _aCASH,S TB. OF CHEST , HEART & VASCULAR DISORDER
250 _a4TH
260 _bJAYPEE
_aINDIA
_c1993
300 _a1-450
650 _aMEDICINE
942 _2ddc
_cBK
_013
999 _c1496
_d1496